000 00623nam a2200193 i 4500
001 31354
003 ES-MaACL
005 20230906154351.0
007 t|
008 030129s1945 mx ||||1| spa d
100 1 _aBaudin, Louis.
_926522
245 1 3 _aEl mecanismo de los precios /
_cLouis Baudin ; versión española de Vicente Polo.
250 _a[2ª ed. española].
260 _aMéxico :
_bFondo de Cultura Económica,
_c[1945] (
_fGráfica Panamericana)
300 _a133 p. ;
_c20 cm.
700 1 _aPolo, Vicente.
_992868
710 2 _aFondo de Cultura Económica.
_94141
852 _aES-MaACL
_jC-4868
_bR.25558
999 _c31354
_d31354